000 00951nam a2200253 i 4500
001 66566
003 ES-MaACL
005 20250803014910.0
007 t|
008 030226s2000 sp ||||0| spa d
040 _aM-BN
_bspa
_cM-BN
080 _a316.325(063)
111 2 _aEncuentro "El Medio Ambiente y las Personas Mayores" (
_n1º.
_d2000.
_cMadrid)
_9621
245 1 0 _aI Encuentro "El Medio Ambiente y las Personas Mayores"
_b: [Madrid, 3 de febrero 2000].
260 _aMadrid :
_bFundación Independiente,
_c[2000]
300 _a95 p. ;
_c22 cm.
490 1 _aCuadernos de sociedad ;
_v21
650 1 4 _aAncianos-
_zEspaña-
_xSituación social-
_vCongresos y asambleas.
_99811
650 0 4 _aMedio ambiente-
_zAspectos sociales-
_vCongresos y asambleas.
_914949
710 2 _aFundación Independiente (Madrid)
_94325
830 0 _aCuadernos de sociedad ;
_v21
_9179224
852 _aES-MaACL
_jL-27084
_bR.132686
999 _c66566
_d66566